00629nam a2200193Ia 4500008004100000020001400041082001200055100002100067245003700088250000800125260004400133300002900177500001900206600003300225650001700258942000700275952013800282999001500420240925s9999 xx 000 0 und d a852297025 a030 BRI aParker, Sybil P. 0aBritannica Book of the Year 1999 a1st aChicago:bEncyclopadia Britanicc,1999. axxvi,869p.bNAfOriginal aIncludes Index aHumanities & Natural Science aEncyclopedia cBK 001040708HUMaUITUbUITUd2002-07-16eProgressive International Aggenciesl0o030 BRIpQ4462r2024-09-25 07:13:31w2024-09-25yBK c6961d6961